مكتبة جامعة عجلون الوطنية

فهرس بحث المكتبة

Normal view MARC view
  • التحكيم التجاري

Entry Topical Term

Number of records used in: 1

001 - CONTROL NUMBER

  • control field: 63373

003 - CONTROL NUMBER IDENTIFIER

  • control field: JO-AjAnu

005 - DATE AND TIME OF LATEST TRANSACTION

  • control field: 20230606084338.0

008 - FIXED-LENGTH DATA ELEMENTS

  • fixed length control field: 230606|| aca||aabn | a|a d

040 ## - CATALOGING SOURCE

  • Original cataloging agency: JO-AjAnu
  • Transcribing agency: JO-AjAnu

150 ## - HEADING--TOPICAL TERM

  • Topical term or geographic name entry element: التحكيم التجاري

670 ## - SOURCE DATA FOUND

  • Source citation: Work cat.: (JO-AjAnu)32309: اعداد الزعبي، احمد فراس ؛ إشراف محمد علي بني مقداد , author 63372, سلطة القضاء في التدخل باجراءات التحكيم التجاري في القانون الأردني: دراسة مقارنة = Authority of the Judiciary in Intervene in Arbitration procedures in Jordanian Law: Comparative study